The government of social life in colonial India : (Record no. 196484)

MARC details
000 -LEADER
fixed length control field 00705nam a22001937a 4500
005 - DATE AND TIME OF LATEST TRANSACTION
control field 20230628112211.0
010 ## - LCCN (DPL NO)
LC control number ENG-117797 ENG- 137193
020 ## - INTERNATIONAL STANDARD BOOK NUMBER
International Standard Book Number 9781107038196
Terms of availability 695.00
035 ## - SYSTEM CONTROL NUMBER
System control number EN-101329 EN-120725
037 ## - SOURCE OF ACQUISITION
Source of stock number/acquisition DBAD/PUB
082 ## - DEWEY DECIMAL CLASSIFICATION NUMBER
Classification number 954.08
100 ## - MAIN ENTRY--PERSONAL NAME
Personal name Sturman,Rachel
245 ## - TITLE STATEMENT
Title The government of social life in colonial India :
Remainder of title liberalism, religious low and women's right /
Statement of responsibility, etc by Rachel Sturman
260 ## - PUBLICATION, DISTRIBUTION, ETC. (IMPRINT)
Place of publication, distribution, etc New Delhi
Name of publisher, distributor, etc Cambridge University Press
Date of publication, distribution, etc 2017, 2012
270 ## - ADDRESS
Address 4843/24,2nd Floor,Ansari Road,Dayaganj
City New Delhi
Postal code 110002
300 ## - PHYSICAL DESCRIPTION
Extent xv,289p.
Dimensions 23cm(Hb)
500 ## - GENERAL NOTE
General note Includes bibliographical references and index
942 ## - ADDED ENTRY ELEMENTS (KOHA)
Source of classification or shelving scheme Dewey Decimal Classification
Item type English Books
Classification part 954.08
Call number suffix STU

No items available.


© Delhi Public Library
Hit Counter
free hit counter